Leadership and teams in educational management /

Leading and leadership. Working in teams.

Gorde:
Xehetasun bibliografikoak
Formatua: Liburua
Hizkuntza:English
Argitaratua: Buckingham : Open University Press, 1997.
Gaiak:
Etiketak: Etiketa erantsi
Etiketarik gabe, Izan zaitez lehena erregistro honi etiketa jartzen!
Thư viện lưu trữ: Mạng thư viện Đại học Đà Nẵng
LEADER 01043cam a2200349 i 4500
001 000049559
003 9309
005 20030225144633.0
008 010319|1997 vm 000 eng
020 |a 0335198414 
040 |a IRC  |c IRC  |d IRC 
041 0 |a eng 
082 1 4 |a 371.2070941  |b Le-T 
245 0 0 |a Leadership and teams in educational management /  |c Edited by Megan Crawford, Lesley Kydd and Colin Riches. 
260 |a Buckingham :  |b Open University Press,  |c 1997. 
300 |a viii, 196 p. ;  |c 24cm. 
520 3 |a Leading and leadership. Working in teams. 
630 0 4 |a Education. 
630 0 4 |a School management. 
650 0 4 |a School management and organization  |z Great Britain. 
650 0 4 |a Educational leadership  |z Great Britain. 
650 0 4 |a School management teams  |z Great Britain. 
OWN |a DUT 
999 |a From the UDN01 
TYP |a Monograph 
TYP |a Printed language 
980 |a Mạng thư viện Đại học Đà Nẵng